Greatest hits of the 90s [ disc 3
General viewing for all ages (U)
| Format: | Book |
|---|---|
| Published: |
s.l :
EMI Records Ltd ,
2004
|
| Subjects: |
MARC
| LEADER | 00000cam a2200000 7i4500 | ||
|---|---|---|---|
| 001 | 0000094160 | ||
| 005 | 20080410.0 | ||
| 090 | 0 | 0 | |a MUZ |b GRE |
| 245 | 0 | 0 | |a Greatest hits of the 90s [ |h cd music] : |b disc 3 |
| 260 | |a s.l : |b EMI Records Ltd , |c 2004 | ||
| 300 | |a 1 CD music (70 minutes) | ||
| 500 | |a Library has 1 copy | ||
| 520 | 0 | |a General viewing for all ages (U) | |
| 650 | 0 | 0 | |a Songs, English |
| 999 | |a AV 11327 |b CD MUSIC |c MUZIK |e PERPUSTAKAAN KOMUNITI PETALING JAYA | ||